KOHA-Header-6

Essential motivation in the classroom / (Record no. 13472)

000 -LEADER
fixed length control field 00488cam a22001574a 4500
020 ## - INTERNATIONAL STANDARD BOOK NUMBER
ISBN 041526619X (pbk.)
082 00 - DEWEY DECIMAL CLASSIFICATION NUMBER
Classification number 370.154
100 1# - MAIN ENTRY--AUTHOR NAME
Personal name Gilbert, Ian,
245 10 - TITLE STATEMENT
Title Essential motivation in the classroom /
Statement of responsibility, etc Ian Gilbert.
250 ## - EDITION STATEMENT
Edition statement Second Edition
260 ## - PUBLICATION, DISTRIBUTION, ETC. (IMPRINT)
Place of publication London ;
-- New York :
Name of publisher RoutledgeFalmer,
Year of publication 2002.
300 ## - PHYSICAL DESCRIPTION
Number of Pages xiii, 191 pages :
Other physical details ill. ;
650 #0 - SUBJECT ADDED ENTRY--TOPICAL TERM
Topical Term Motivation in education.
856 42 - ELECTRONIC LOCATION AND ACCESS
Uniform Resource Identifier http://www.loc.gov/catdir/enhancements/fy0650/2002068145-d.html
942 ## - ADDED ENTRY ELEMENTS (KOHA)
Koha item type Books
Holdings
Withdrawn status Lost status Collection code Permanent Location Current Location Shelving location Date acquired Full call number Accession Number Koha item type
    Psychology MAJU MAJU Shelf No.B35 2022-11-24 370.154 10486 Books

Powered by Koha